000 00256cam a2200121ua 4500
003 OSt
008 240325b |||||||| |||| 00| 0 eng d
041 _aeng
082 _a028.75
_bIND/HI
245 _aHindusthan year book /
300 _a708 ; .
942 _cBK
999 _c3454
_d3454